000 00439nam a2200145Ia 4500
003 OSt
005 20260130115218.0
008 211028s2018 xx 000 0 und d
040 _cAIMIT LIBRARY
041 _aeng
100 _aShalaka S; Kudtarkar, Ravi.
_g1616177
_97930
245 _aStudy on effectiveness of advertisement for hero moto corp at west coast Mangalore /
260 _aMangalore
_bRavi Kudtarkar.
_c2018
942 _2ddc
_cPRO
999 _c219498
_d219498